Welcome to the Holygrace Academy Library

Please use search bar below to get started

CANCER WARDILE CHIRI (Record no. 6961)

MARC details
000 -LEADER
fixed length control field 00545nam a22001457a 4500
020 ## - INTERNATIONAL STANDARD BOOK NUMBER
ISBN 978-93-5549-730-7
082 ## - DEWEY DECIMAL CLASSIFICATION NUMBER
Classification number 894.812
Item number INN/C
100 ## - MAIN ENTRY--AUTHOR NAME
Personal name INNOCENT
245 ## - TITLE STATEMENT
Title CANCER WARDILE CHIRI
260 ## - PUBLICATION, DISTRIBUTION, ETC. (IMPRINT)
Place of publication KOZHIKODE
Name of publisher MATHRUBHUMI BOOKS
Year of publication 2023
300 ## - PHYSICAL DESCRIPTION
Number of Pages 128
520 ## - SUMMARY, ETC.
Summary, etc Film actor Innocent shares his experiences as a Cancer patient. Cancer Wardile Chiri depicts how he managed to escape from the clutches of this deadly disease with the help of medicine, mind power and ofcourse laughter
650 ## - SUBJECT ADDED ENTRY--TOPICAL TERM
Topical Term MALAYALAM STORY
Geographic subdivision KERALA
942 ## - ADDED ENTRY ELEMENTS (KOHA)
Koha item type Books
Holdings
Withdrawn status Lost status Collection code Home library Current library Shelving location Date acquired Source of acquisition Cost, normal purchase price Full call number Accession Number Koha item type
    Non-fiction Main Library Main Library NEW SHELF WITH NEW ENTRY 26/10/2023 purchase 180.00 894.812 INN/C 13188 Books